| 000 | 01171cam a2200253 4500 | ||
|---|---|---|---|
| 001 | ABS66733 | ||
| 008 | 030520n2003 000 0 eng u | ||
| 035 | _a(Sirsi) u122322 | ||
| 245 | _aSurveyors' salaries under the spotlight | ||
| 260 | _c2003 | ||
| 490 |
_aRICS Business _vMay 2003, 26-28(3) |
||
| 520 | _aSummarises the findings of the 2003 "RICS and Macdonald and Company salary and benefits survey" which was conducted for the first time solely online with 3 113 surveying professionals responding. Tables cover current salary, highest and lowest earners, average salary by sector and region, change to salary at last review, bonuses and benefits and attitudes to current roles. | ||
| 590 | _aABS | ||
| 650 | _aWOMEN SURVEYORS | ||
| 650 | _aSURVEYORS | ||
| 650 | _aSURVEYING PROFESSION | ||
| 650 | _aSALARY SURVEYS | ||
| 650 | _aBENEFITS | ||
| 650 | _aBONUSES | ||
| 650 | _aRICS SALARY AND BENEFITS SURVEYS | ||
| 690 | _aMANAGEMENT-BUSINESS MANAGEMENT-PROFESSIONAL PRACTICE | ||
| 856 |
_uhttps://www.macdonaldandcompany.com/document_uploaded/Salary%20Survey%202003.pdf _zView the survey free of charge at www.macdonaldandcompany.com |
||
| 942 | _n0 | ||
| 999 |
_c72690 _d72690 |
||